Jelentés a Darrieussecq-ügyről

Elmentve itt :
Bibliográfiai részletek
Szerző: Lipták-Pikó Judit
Dokumentumtípus: Könyv része
Megjelent: 2015
Sorozat:Szövegek között 19
Szövegek között 19. 19
Kulcsszavak:Marie Darrieussecq, Plágium - irodalmi, Irodalomelmélet - francia - 20-21. sz.
Tárgyszavak:
Online Access:http://acta.bibl.u-szeged.hu/36231
LEADER 00775naa a2200217 i 4500
001 acta36231
005 20220208151902.0
008 161017s2015 hu o 0|| hun d
022 |a 1418-0480 
040 |a SZTE Egyetemi Kiadványok Repozitórium  |b hun 
041 |a hun 
100 2 |a Lipták-Pikó Judit 
245 1 0 |a Jelentés a Darrieussecq-ügyről  |h [elektronikus dokumentum] /  |c  Lipták-Pikó Judit 
260 |c 2015 
300 |a 141-165 
490 0 |a Szövegek között  |v 19 
490 0 |a Szövegek között 19.  |v 19 
650 4 |a Bölcsészettudományok 
650 4 |a Nyelvek és irodalom 
695 |a Marie Darrieussecq, Plágium - irodalmi, Irodalomelmélet - francia - 20-21. sz. 
856 4 0 |u http://acta.bibl.u-szeged.hu/36231/1/szovegek_019_141-165.pdf  |z Dokumentum-elérés